[Event "Interclubs Adultes"]
[Site "Evry"]
[Date "2008.06.01"]
[Round "11.8"]
[White "Leclair, Marie"]
[Black "Congiu, Mathilde"]
[Result "1/2-1/2"]
[WhiteElo "1974"]
[BlackElo "2190"]
[PlyCount "148"]
[EventDate "1.??.??"]
[WhiteTeam "Metz Fischer"]
[BlackTeam "Vandoeuvre"]

1. e4 e5 2. Nf3 Nc6 3. Nc3 Nf6 4. d4 Bb4 5. Nxe5 O-O 6. Nxc6 bxc6 7. Bd3 c5 8.
O-O cxd4 9. Nb5 Re8 10. Nxd4 Nxe4 11. Qf3 Bb7 12. Qg4 Qf6 13. Be3 d5 14. c3 Bc8
15. Qf3 Bf8 16. Qxf6 Nxf6 17. Nb5 Ba6 18. Rad1 Bxb5 19. Bxb5 Re6 20. Rd2 Ne4
21. Rc2 c6 22. Be2 Rae8 23. Bg4 R6e7 24. Rd1 Nd6 25. h3 f5 26. Bf3 Nc4 27. Bf4
h6 28. b3 Ne5 29. Bh5 Nf7 30. Be3 Re6 31. Bxa7 g6 32. Bf3 Bd6 33. Be3 Ng5 34.
c4 f4 35. Bc1 Re1+ 36. Rxe1 Rxe1+ 37. Kh2 Ne4 38. Bxe4 dxe4 39. c5 Bc7 40. g3
e3 41. fxe3 fxe3 42. Bb2 Rd1 43. Bc3 h5 44. Kg2 h4 45. gxh4 Bf4 46. Re2 Kf7 47.
a4 Rd3 48. Kf3 Bh6 49. Rc2 Ke6 50. Ke2 Rd7 51. b4 Kd5 52. b5 Rf7 53. Be1 Bf8
54. Kxe3 Bxc5+ 55. Ke2 cxb5 56. axb5 Re7+ 57. Kf1 Rb7 58. Rb2 Kc4 59. Kg2 Bd4
60. Rb1 Re7 61. Ba5 Re2+ 62. Kf3 Rf2+ 63. Kg3 Rf5 64. Kg4 Be5 65. Bd2 Bb8 66.
b6 Rf2 67. Rb4+ Kd5 68. Be1 Rf1 69. Bd2 Rg1+ 70. Kf3 Rg3+ 71. Ke2 Rxh3 72. Bg5
Rh2+ 73. Kd3 Rh3+ 74. Ke2 Rh2+ 1/2-1/2

[Event "Interclubs Adultes"]
[Site "Evry"]
[Date "2008.06.01"]
[Round "11.1"]
[White "Marcelin, Cyril"]
[Black "Miton, Kamil"]
[Result "0-1"]
[WhiteElo "2510"]
[BlackElo "2620"]
[PlyCount "48"]
[EventDate "1.??.??"]
[WhiteTeam "Noyon"]
[BlackTeam "Marseille Echecs"]

1. d4 Nf6 2. c4 g6 3. Nc3 d5 4. Bg5 Ne4 5. Bh4 Nxc3 6. bxc3 dxc4 7. Qa4+ Qd7 8.
Qxc4 b6 9. Bg3 c5 10. Be5 Ba6 11. Qb3 f6 12. Bxb8 Rxb8 13. e3 Bxf1 14. Kxf1 e6
15. Ne2 Kf7 16. Rd1 Bd6 17. f3 Rhc8 18. dxc5 bxc5 19. Qc4 Rb2 20. h4 Rd8 21. a4
Bg3 22. Rxd7+ Rxd7 23. Nd4 cxd4 24. Qc8 Rdb7 0-1

[Event "Interclubs Adultes"]
[Site "Evry"]
[Date "2008.06.01"]
[Round "11.2"]
[White "Bacrot, Etienne"]
[Black "Magem Badals, Jordi"]
[Result "1/2-1/2"]
[WhiteElo "2705"]
[BlackElo "2470"]
[PlyCount "39"]
[EventDate "1.??.??"]
[WhiteTeam "Marseille Echecs"]
[BlackTeam "Noyon"]

1. d4 d5 2. Nf3 Nf6 3. c4 c6 4. e3 Bf5 5. Nc3 e6 6. Nh4 Be4 7. f3 Bg6 8. Qb3
Qc7 9. Bd2 Be7 10. g3 O-O 11. Rc1 dxc4 12. Bxc4 b5 13. Nxg6 hxg6 14. Bd3 a6 15.
g4 c5 16. dxc5 Nbd7 17. Ne4 Nxc5 18. Nxc5 Bxc5 19. Qc2 Qd6 20. g5 1/2-1/2

[Event "Interclubs Adultes"]
[Site "Evry"]
[Date "2008.06.01"]
[Round "11.4"]
[White "Gozzoli, Yannick"]
[Black "Clery, Nicolas"]
[Result "1-0"]
[WhiteElo "2509"]
[BlackElo "2379"]
[PlyCount "99"]
[EventDate "1.??.??"]
[WhiteTeam "Marseille Echecs"]
[BlackTeam "Noyon"]

1. d4 g6 2. c4 Bg7 3. e4 d6 4. Nc3 e5 5. dxe5 dxe5 6. Qxd8+ Kxd8 7. f4 Nc6 8.
Nf3 Be6 9. Be3 Nf6 10. fxe5 Ng4 11. Bf4 Kc8 12. Nd5 Re8 13. Be2 Ncxe5 14. O-O
c6 15. Rac1 Nxf3+ 16. gxf3 Bd4+ 17. Kg2 Bxd5 18. cxd5 Ne3+ 19. Bxe3 Bxe3 20.
Rc3 Bd4 21. Rc4 c5 22. b4 b6 23. Rxd4 cxd4 24. Bb5 Kc7 25. Bxe8 Rxe8 26. Rd1
Kd6 27. Rxd4 Rc8 28. Kg3 b5 29. Rd3 f5 30. Kf4 fxe4 31. fxe4 Rf8+ 32. Ke3 Ke5
33. d6 a6 34. Rd5+ Ke6 35. Kd4 Rc8 36. Rc5 Rf8 37. Rc6 Rf2 38. Kc5 Rxh2 39. Kb6
g5 40. Kc7 Rd2 41. e5 h5 42. d7+ Kxe5 43. Rh6 h4 44. d8=Q Rxd8 45. Kxd8 Kf4 46.
Ke7 Kg3 47. Kf6 g4 48. Kg5 h3 49. Rh4 h2 50. Rxg4+ 1-0

[Event "Interclubs Adultes"]
[Site "Evry"]
[Date "2008.06.01"]
[Round "11.5"]
[White "Housieaux, David"]
[Black "Jedynak, Radoslaw"]
[Result "1-0"]
[WhiteElo "2381"]
[BlackElo "2515"]
[PlyCount "89"]
[EventDate "1.??.??"]
[WhiteTeam "Noyon"]
[BlackTeam "Marseille Echecs"]

1. Nf3 Nf6 2. c4 e6 3. g3 b6 4. Bg2 Bb7 5. O-O Be7 6. Nc3 O-O 7. b3 c5 8. d4
Ne4 9. Bb2 Bf6 10. Rc1 Nxc3 11. Bxc3 d6 12. Qd2 Qe7 13. Rfd1 Nc6 14. d5 Bxc3
15. Rxc3 exd5 16. Re3 Qd7 17. Qxd5 Nd4 18. Qg5 Bxf3 19. Bxf3 Rae8 20. Qd5 b5
21. Rxe8 Qxe8 22. e3 Nxf3+ 23. Qxf3 bxc4 24. bxc4 Qa4 25. Qe2 Qa6 26. Rd5 h6
27. Qd3 Qxa2 28. Rxd6 Qa1+ 29. Kg2 Qe5 30. Rd5 Qc7 31. Qf5 Qb7 32. Kg1 a5 33.
Rxc5 a4 34. Qd5 Qb1+ 35. Kg2 a3 36. Ra5 a2 37. Qe5 Rd8 38. e4 Qc2 39. c5 Qc4
40. c6 Rd1 41. c7 Qf1+ 42. Kf3 Rd3+ 43. Kg4 Qe2+ 44. Kh3 Qf1+ 45. Kh4 1-0

[Event "Interclubs Adultes"]
[Site "Evry"]
[Date "2008.06.01"]
[Round "11.6"]
[White "Marzolo, Cyril"]
[Black "Nguyen, Chi-Minh"]
[Result "1/2-1/2"]
[WhiteElo "2476"]
[BlackElo "2414"]
[PlyCount "32"]
[EventDate "1.??.??"]
[WhiteTeam "Marseille Echecs"]
[BlackTeam "Noyon"]

1. Nf3 b6 2. c4 Nf6 3. Nc3 e6 4. e4 Bb7 5. Bd3 d5 6. cxd5 exd5 7. e5 Nfd7 8.
O-O Nc5 9. Bf5 d4 10. Nb5 Nc6 11. b4 Ne6 12. Qb3 g6 13. Bxe6 fxe6 14. Qxe6+ Be7
15. Nd6+ cxd6 16. exd6 Kf8 1/2-1/2

[Event "Interclubs Adultes"]
[Site "Evry"]
[Date "2008.06.01"]
[Round "11.7"]
[White "Van Heirzeele, Daniel"]
[Black "Garrido, Denis"]
[Result "1/2-1/2"]
[WhiteElo "2224"]
[BlackElo "2339"]
[PlyCount "141"]
[EventDate "1.??.??"]
[WhiteTeam "Noyon"]
[BlackTeam "Marseille Echecs"]

1. d4 Nf6 2. Nf3 c5 3. d5 d6 4. Nc3 g6 5. e4 Bg7 6. Bb5+ Bd7 7. a4 O-O 8. O-O
Na6 9. Re1 Nc7 10. Bf1 a6 11. a5 Bg4 12. h3 Bxf3 13. Qxf3 Nb5 14. Bd2 Nd4 15.
Qd1 e6 16. dxe6 fxe6 17. Na4 Nd7 18. Be3 Qc7 19. Qd2 Ne5 20. Be2 Rad8 21. f4
Nxe2+ 22. Qxe2 Nc6 23. e5 Nd4 24. Qc4 dxe5 25. Bxd4 Rxd4 26. Qxc5 Qf7 27. fxe5
Qf2+ 28. Kh1 Rd2 29. Qxf2 Rfxf2 30. Rad1 Rxc2 31. Rd8+ Bf8 32. Rg1 Rf7 33. Rgd1
Re2 34. R1d7 Re1+ 35. Kh2 Rxe5 36. Rxf7 Kxf7 37. Rd7+ Kg8 38. Rxb7 Rxa5 39. Nc3
Re5 40. Rd7 Bb4 41. Na2 Be1 42. Nc1 Re3 43. g4 Bh4 44. Kg2 e5 45. Ra7 e4 46.
Rxa6 Rg3+ 47. Kh2 Kg7 48. Ra2 Re3 49. b4 Rc3 50. Ne2 Rb3 51. Ra7+ Kh6 52. Ra2
Rxb4 53. Kg2 Rb3 54. Rc2 Re3 55. Ra2 Kg5 56. Ra5+ Kf6 57. Ng1 Ke6 58. Ra7 Be7
59. Ra6+ Bd6 60. Ra5 Ra3 61. Rb5 Ra2+ 62. Kf1 Rh2 63. Rb6 Kd5 64. Rb3 Kc4 65.
Re3 Rh1 66. Rxe4+ Kd3 67. Re1 Bc5 68. Kg2 Rxg1+ 69. Rxg1 Bxg1 70. Kxg1 Ke3 71.
Kg2 1/2-1/2

[Event "Interclubs Adultes"]
[Site "Evry"]
[Date "2008.06.01"]
[Round "11.8"]
[White "Delorme, Laurie"]
[Black "Assad, Karine"]
[Result "1/2-1/2"]
[WhiteElo "2140"]
[BlackElo "2042"]
[PlyCount "64"]
[EventDate "1.??.??"]
[WhiteTeam "Marseille Echecs"]
[BlackTeam "Noyon"]

1. d4 Nf6 2. c4 e6 3. g3 d5 4. Nf3 b6 5. Bg2 Bb7 6. O-O Be7 7. Nc3 O-O 8. Ne5
Nbd7 9. Qa4 Nxe5 10. dxe5 Ne4 11. Nxe4 dxe4 12. Rd1 Qc8 13. Be3 c5 14. Qd7 Bd8
15. a3 Qxd7 16. Rxd7 Bc6 17. Rd6 Rc8 18. h4 Be7 19. Rd2 Rfd8 20. Rad1 Rxd2 21.
Rxd2 Kf8 22. Kh2 Ke8 23. Kh3 h5 24. Rd1 Rd8 25. Rc1 f5 26. exf6 gxf6 27. Kh2
Kf7 28. Kg1 f5 29. b3 Bf6 30. Rb1 Bd4 31. Bg5 Bf6 32. Be3 Bd4 1/2-1/2

[Event "Interclubs Adultes"]
[Site "Evry"]
[Date "2008.06.01"]
[Round "11.2"]
[White "Mchedlishvili, Mikheil"]
[Black "Doettling, Fabian"]
[Result "1/2-1/2"]
[WhiteElo "2635"]
[BlackElo "2544"]
[PlyCount "43"]
[EventDate "1.??.??"]
[WhiteTeam "Antibes"]
[BlackTeam "Strasbourg"]

1. d4 d5 2. c4 e6 3. Nc3 Be7 4. cxd5 exd5 5. Bf4 c6 6. e3 Bf5 7. g4 Be6 8. h4
Nd7 9. h5 Nh6 10. Be2 Nb6 11. Rc1 Nc4 12. b3 Nd6 13. Nh3 g5 14. Be5 Rg8 15. f3
f5 16. Nf2 Ndf7 17. Bh2 Bd6 18. Qd2 fxg4 19. fxg4 Qe7 20. Kd1 O-O-O 21. Kc2 Kb8
22. Rcg1 1/2-1/2

[Event "Interclubs Adultes"]
[Site "Evry"]
[Date "2008.06.01"]
[Round "11.4"]
[White "Miralles, Gilles"]
[Black "Kouatly, Bachar"]
[Result "1-0"]
[WhiteElo "2490"]
[BlackElo "2458"]
[PlyCount "85"]
[EventDate "1.??.??"]
[WhiteTeam "Antibes"]
[BlackTeam "Strasbourg"]

1. e4 c5 2. Nf3 e6 3. d4 cxd4 4. Nxd4 Nf6 5. Nc3 Nc6 6. a3 Qc7 7. Be3 Be7 8.
Be2 d6 9. O-O O-O 10. f4 Nxd4 11. Qxd4 e5 12. Qd3 exf4 13. Bxf4 Be6 14. Kh1 a6
15. Qg3 Rfd8 16. Bh6 g6 17. Rf2 Nd7 18. Bg4 Ne5 19. Bxe6 fxe6 20. Qh3 Qd7 21.
Raf1 Bf8 22. Bg5 Re8 23. Bf6 Bg7 24. Bxe5 dxe5 25. Nd5 Rad8 26. Nf6+ Bxf6 27.
Rxf6 Rf8 28. Qf3 Qe7 29. Rxf8+ Rxf8 30. Qxf8+ Qxf8 31. Rxf8+ Kxf8 32. Kg1 Ke7
33. Kf2 Kd6 34. Ke3 Kc5 35. Kd3 Kb5 36. b3 Kc5 37. c4 Kb6 38. b4 Kc6 39. Kc3
Kb6 40. c5+ Kb5 41. Kb3 Kc6 42. Ka4 b6 43. cxb6 1-0

[Event "Interclubs Adultes"]
[Site "Evry"]
[Date "2008.??.01"]
[Round "11.5"]
[White "Kallai, Gabor"]
[Black "Santo-Roman, Marc"]
[Result "1-0"]
[WhiteElo "2468"]
[BlackElo "2395"]
[PlyCount "109"]
[EventDate "1.??.??"]
[WhiteTeam "Strasbourg"]
[BlackTeam "Antibes"]

1. d4 f5 2. c4 Nf6 3. Nf3 g6 4. g3 Bg7 5. Bg2 O-O 6. O-O d6 7. Nc3 Qe8 8. d5 a5
9. Be3 Na6 10. Qd2 Ng4 11. Bf4 e5 12. dxe6 Bxe6 13. b3 Nc5 14. Nd4 Bf7 15. Ndb5
Qd7 16. Rad1 Kh8 17. e4 Rfe8 18. exf5 gxf5 19. Rfe1 Nf6 20. Bh6 Bg6 21. Bxg7+
Qxg7 22. Qd4 Rad8 23. Nxc7 Rxe1+ 24. Rxe1 Nfe4 25. Qxg7+ Kxg7 26. N3d5 Kf7 27.
f3 Nd3 28. Re3 Nec5 29. a3 Ne5 30. b4 axb4 31. axb4 Ncd7 32. f4 Nxc4 33. Re7+
Kg8 34. Ne6 Re8 35. Rxd7 Rxe6 36. Rxb7 Re1+ 37. Kf2 Rb1 38. Nf6+ Kh8 39. h4
Rb2+ 40. Kg1 h5 41. Bf3 Rb1+ 42. Kf2 Rb2+ 43. Ke1 Rb1+ 44. Ke2 Rb2+ 45. Kd1 Rf2
46. Be2 Ne3+ 47. Ke1 Rg2 48. Rc7 Ng4 49. Nd5 Kg8 50. b5 Bf7 51. Ne7+ Kg7 52. b6
Rg1+ 53. Kd2 Rb1 54. Bxg4 fxg4 55. b7 1-0

[Event "Interclubs Adultes"]
[Site "Evry"]
[Date "2008.06.01"]
[Round "11.6"]
[White "Acher, Mathieu"]
[Black "Roos, Louis"]
[Result "0-1"]
[WhiteElo "2381"]
[BlackElo "2357"]
[Annotator ",Joelle"]
[PlyCount "125"]
[EventDate "1.??.??"]
[WhiteTeam "Antibes"]
[BlackTeam "Strasbourg"]

1. e4 e6 2. d4 d5 3. Nc3 dxe4 4. Nxe4 Nd7 5. Bd3 Ngf6 6. Qf3 Bb4+ 7. c3 Be7 8.
Ne2 c5 9. O-O cxd4 10. cxd4 O-O 11. Nf4 Nxe4 12. Bxe4 Nf6 13. Bxb7 Bxb7 14.
Qxb7 Bd6 15. Qf3 Bxf4 16. Qxf4 Nd5 17. Qg3 Qb6 18. Rd1 f6 19. b3 Rfc8 20. Bh6
Qc7 21. Bd2 Qxg3 22. hxg3 Rc2 23. Ba5 Rac8 24. Kf1 Kf7 25. Rd2 R2c6 26. Rd3 Ke7
27. a3 h5 28. Bd2 Rc2 29. Ke1 Kd7 30. Kd1 a6 31. b4 Kd6 32. Rb1 Ra2 33. Be1 g5
34. Bd2 Rc7 35. Rdb3 Rcc2 36. Be1 Rc7 37. Rd3 Rc8 38. Rdb3 Rc4 39. Rd3 Rc7 40.
Bd2 Rc8 41. Rdb3 Rcc2 42. Be1 Rc4 43. Rd3 Nc7 44. d5 exd5 45. Rf3 Rd4+ 46. Kc1
Nb5 47. Rxf6+ Kd7 48. Rxa6 Re2 49. Rb3 Rxe1+ 50. Kc2 Re2+ 51. Kc1 Rc4+ 52. Kd1
Ra2 53. Rd3 Nc3+ 54. Ke1 Re4+ 55. Re3 Rxe3+ 56. fxe3 Re2+ 57. Kf1 Rxe3 58. Ra5
Kd6 59. Ra8 Nb1 60. b5 Rb3 61. a4 Rb2 62. a5 Nd2+ 63. Ke1 {
suite illisible. Gain noir au 75e coup.} 0-1

[Event "Interclubs Adultes"]
[Site "Evry"]
[Date "2008.06.01"]
[Round "11.7"]
[White "Reinhart, Emmanuel"]
[Black "Perez, Flavio"]
[Result "1/2-1/2"]
[WhiteElo "2298"]
[BlackElo "2269"]
[PlyCount "113"]
[EventDate "1.??.??"]
[WhiteTeam "Strasbourg"]
[BlackTeam "Antibes"]

1. e4 c5 2. Nf3 e6 3. Qe2 Nc6 4. g3 g6 5. Bg2 Bg7 6. c3 Nge7 7. O-O O-O 8. d3
d6 9. Na3 Rb8 10. Nc2 b5 11. d4 b4 12. Bf4 bxc3 13. dxc5 e5 14. Bg5 dxc5 15.
bxc3 Qa5 16. Qe3 f6 17. Bh6 Rb2 18. Bxg7 Kxg7 19. Rfc1 Be6 20. Nce1 Rxa2 21.
Rxa2 Qxa2 22. Qxc5 Rd8 23. Bf1 Qb2 24. Qe3 a5 25. Nd3 Qa3 26. Nc5 Bf7 27. Rb1
Rb8 28. Rxb8 Nxb8 29. Kg2 Qa2 30. Qd3 Nbc6 31. Qd6 Qb1 32. Nd7 Qxe4 33. Qxf6+
Kg8 34. Qd6 Qf5 35. Nfxe5 Bd5+ 36. Kg1 Nxe5 37. Nxe5 Qe6 38. Qd8+ Kg7 39. Nd7
Qf7 40. c4 Nc6 41. Qc7 Be6 42. Qxc6 Qxd7 43. Qb6 a4 44. Qb2+ Kg8 45. c5 Qd5 46.
Qb8+ Kg7 47. Qa7+ Kh6 48. Qxa4 Qxc5 49. Qa1 Qf5 50. h4 Bd5 51. Bg2 Bxg2 52.
Kxg2 Qe4+ 53. Kg1 Qd5 54. Qf6 Qd1+ 55. Kg2 Qd5+ 56. Kh2 Qa8 57. g4 1/2-1/2

[Event "Interclubs Adultes"]
[Site "Evry"]
[Date "2008.06.01"]
[Round "11.8"]
[White "Cochet, Caroline"]
[Black "Gras, Delphine"]
[Result "1-0"]
[WhiteElo "2075"]
[BlackElo "2011"]
[PlyCount "81"]
[EventDate "1.??.??"]
[WhiteTeam "Antibes"]
[BlackTeam "Strasbourg"]

1. e4 c6 2. Ne2 d5 3. e5 c5 4. d4 Nc6 5. c3 Bf5 6. dxc5 Nxe5 7. Nd4 Bd7 8. Qh5
Qc7 9. Bf4 Nd3+ 10. Bxd3 Qxf4 11. O-O Nf6 12. Qe2 Ng4 13. g3 Qc7 14. b4 Ne5 15.
Nb5 Bxb5 16. Bxb5+ Nc6 17. Rd1 Rd8 18. c4 dxc4 19. Na3 Rxd1+ 20. Rxd1 e6 21.
Nxc4 Be7 22. Ne5 Bf6 23. Rd7 Qxe5 24. Qxe5 Bxe5 25. Rxb7 O-O 26. Bxc6 Rb8 27.
Rxa7 Rxb4 28. Be8 Bd4 29. Rc7 Rb1+ 30. Kg2 Rb2 31. Bxf7+ Kf8 32. Bxe6 Rxf2+ 33.
Kh3 Re2 34. Bb3 Bg1 35. c6 h5 36. Kh4 Rxh2+ 37. Kg5 Be3+ 38. Kg6 Rf2 39. Rxg7
Bd4 40. Rg8+ Ke7 41. c7 1-0

[Event "Interclubs Adultes"]
[Site "Evry"]
[Date "2008.06.01"]
[Round "11.1"]
[White "Sargissian, Gabriel"]
[Black "Landenbergue, Claude"]
[Result "1/2-1/2"]
[WhiteElo "2643"]
[BlackElo "2440"]
[PlyCount "166"]
[EventDate "1.??.??"]
[WhiteTeam "Bischwiller"]
[BlackTeam "Bois-Colombes"]

1. d4 d6 2. Nf3 Nf6 3. c4 g6 4. Nc3 Bg7 5. e4 O-O 6. Be2 a6 7. O-O Bg4 8. Be3
Nfd7 9. Qd2 c5 10. d5 b5 11. cxb5 Qa5 12. a4 Nb6 13. Ra3 N8d7 14. bxa6 Bxf3 15.
gxf3 Ne5 16. Rb3 Nbc4 17. Qc1 Nxe3 18. Qxe3 c4 19. Qb6 Rxa6 20. Qxa5 Rxa5 21.
Rb7 Rc8 22. Rd1 Kf8 23. f4 Nd3 24. Bxd3 cxd3 25. Rxd3 Bxc3 26. Rxc3 Rxc3 27.
bxc3 Rxa4 28. Rb4 Ra1+ 29. Kg2 Re1 30. f3 Re2+ 31. Kg3 h5 32. c4 f6 33. c5 dxc5
34. Rc4 h4+ 35. Kxh4 Rxh2+ 36. Kg3 Re2 37. Rxc5 Kf7 38. Rc8 Kg7 39. Re8 Kf7 40.
Rh8 Rd2 41. Rh7+ Kf8 42. Rh2 Rd1 43. Rh8+ Kg7 44. Re8 Kf7 45. Rd8 g5 46. fxg5
Rg1+ 47. Kf4 Rxg5 48. Rd7 Rh5 49. Ra7 Ke8 50. Ke3 Rh3 51. Ra3 Rh1 52. Ra8+ Kf7
53. Ra7 Ke8 54. Rb7 Rh3 55. Kf2 Rh1 56. Kg2 Rd1 57. Rb6 f5 58. Kg3 fxe4 59.
fxe4 Rf1 60. Kg4 Kf7 61. Kg5 Rf2 62. Rh6 Ke8 63. e5 Rd2 64. Kf5 Kd7 65. Ra6
Rf2+ 66. Ke4 Re2+ 67. Kf4 Rf2+ 68. Ke3 Rf1 69. Ra7+ Kd8 70. Ke4 e6 71. d6 Re1+
72. Kd4 Rd1+ 73. Kc5 Rc1+ 74. Kb4 Rb1+ 75. Kc3 Rc1+ 76. Kd3 Rd1+ 77. Ke3 Re1+
78. Kf4 Rf1+ 79. Kg4 Rf5 80. Ra5 Kd7 81. Rd5 Rf8 82. Rd3 Rf5 83. Re3 Kd8
1/2-1/2

[Event "Interclubs Adultes"]
[Site "Evry"]
[Date "2008.06.01"]
[Round "11.3"]
[White "Buhmann, Rainer"]
[Black "Chomet, Pascal"]
[Result "0-1"]
[WhiteElo "2569"]
[BlackElo "2333"]
[PlyCount "92"]
[EventDate "1.??.??"]
[WhiteTeam "Bischwiller"]
[BlackTeam "Bois-Colombes"]

1. Nf3 g6 2. c4 Bg7 3. d4 d6 4. e4 e5 5. Bg5 Qd7 6. Nc3 f6 7. Be3 Na6 8. Be2
Nh6 9. O-O O-O 10. h3 Nf7 11. Rb1 c5 12. dxc5 dxc5 13. a3 Bh6 14. Nd5 Kg7 15.
Bxh6+ Nxh6 16. b4 b6 17. Ne1 Qd6 18. Nd3 Rf7 19. Qd2 Bd7 20. f4 exf4 21. Rxf4
Ng8 22. Rbf1 Be6 23. Qb2 Bxd5 24. cxd5 Re8 25. Qc3 Rfe7 26. Qc4 b5 27. bxc5
Qxf4 28. Nxf4 bxc4 29. d6 Rd7 30. Bxc4 Nxc5 31. Bb5 Rxe4 32. Bxd7 Nxd7 33. Rc1
f5 34. Rc7 Ngf6 35. Nd5 Kf8 36. Rxa7 Rd4 37. Nc7 Rxd6 38. a4 Ne4 39. a5 Rd1+
40. Kh2 Ke7 41. Ra8 Kd6 42. Rc8 Ra1 43. a6 Nb8 44. Nb5+ Ke5 45. Re8+ Kf4 46.
Nc7 Nd2 0-1

[Event "Interclubs Adultes"]
[Site "Evry"]
[Date "2008.06.01"]
[Round "11.4"]
[White "Vuilleumier, Alexandre"]
[Black "Netzer, Jean"]
[Result "1-0"]
[WhiteElo "2277"]
[BlackElo "2390"]
[PlyCount "173"]
[EventDate "1.??.??"]
[WhiteTeam "Bois-Colombes"]
[BlackTeam "Bischwiller"]

1. e4 c5 2. Nf3 e6 3. d4 cxd4 4. Nxd4 Nc6 5. Nb5 d6 6. c4 Nf6 7. N1c3 a6 8. Na3
Be7 9. Be2 O-O 10. O-O b6 11. Be3 Bb7 12. Rc1 Re8 13. Qb3 Nd7 14. Rfd1 Nc5 15.
Qc2 Qc7 16. Rd2 Rad8 17. Qb1 Nb4 18. f3 Bf6 19. Nc2 Bxc3 20. bxc3 Nxc2 21.
Rcxc2 d5 22. exd5 exd5 23. Bg5 Rd7 24. Bh4 dxc4 25. Bg3 Qc6 26. Bxc4 b5 27. Bf1
Rxd2 28. Rxd2 Na4 29. Rc2 Bc8 30. Qb4 Bf5 31. Rc1 Be6 32. a3 Rc8 33. Be5 f6 34.
Bd4 Bc4 35. Bxc4+ Qxc4 36. Re1 Qxb4 37. cxb4 Kf7 38. Kf2 Rc4 39. Ke3 Nc3 40.
Kd3 Nd5 41. g3 Ne7 42. Bc5 Nc6 43. f4 a5 44. Re4 Rc1 45. Kd2 Rh1 46. bxa5 Nxa5
47. Re7+ Kg6 48. Kd3 Rxh2 49. Ra7 Nc6 50. Ra6 Nd8 51. Ke4 Re2+ 52. Be3 Rc2 53.
Rd6 Rc4+ 54. Kd5 Nf7 55. Rb6 Nh6 56. Rxb5 Rc3 57. Bc5 Rxg3 58. a4 Rg2 59. Rb3
Nf5 60. a5 Rd2+ 61. Kc6 Nd4+ 62. Bxd4 Rxd4 63. Rg3+ Kf5 64. Rxg7 h5 65. Rh7 Kg6
66. Rh8 Rxf4 67. a6 Ra4 68. Kb6 Rb4+ 69. Ka5 Rb1 70. a7 Ra1+ 71. Kb6 Kg5 72.
a8=Q Rxa8 73. Rxa8 h4 74. Kc5 h3 75. Kd4 Kf4 76. Rh8 Kg3 77. Ke3 Kg2 78. Ke2 h2
79. Rg8+ Kh3 80. Kf2 h1=N+ 81. Kf3 Kh2 82. Rg2+ Kh3 83. Rg6 Kh2 84. Rxf6 Kg1
85. Ra6 Kh2 86. Rg6 Kh3 87. Rh6# 1-0

[Event "Interclubs Adultes"]
[Site "Evry"]
[Date "2008.06.01"]
[Round "11.5"]
[White "Heinz, Timothee"]
[Black "Pietrasanta, Jeremy"]
[Result "1-0"]
[WhiteElo "2304"]
[BlackElo "2280"]
[PlyCount "81"]
[EventDate "1.??.??"]
[WhiteTeam "Bischwiller"]
[BlackTeam "Bois-Colombes"]

1. d4 g6 2. c4 Bg7 3. e4 d6 4. Nf3 Nd7 5. Nc3 c6 6. Be2 a6 7. O-O b5 8. a3 Bb7
9. Bg5 h6 10. Be3 e6 11. Rc1 Ne7 12. Qd2 g5 13. c5 dxc5 14. dxc5 Ng6 15. b4 Nf6
16. Nd4 Qc7 17. Nb3 Rd8 18. Qc2 Ne5 19. f3 Nh5 20. g3 Ng6 21. f4 gxf4 22. Bxh5
fxe3 23. Bxg6 fxg6 24. e5 Rd7 25. Ne4 Bxe5 26. Nd6+ Kd8 27. Qxg6 e2 28. Rfe1
Rg7 29. Qxe6 Re7 30. Qg6 Rg7 31. Qd3 Rd7 32. Na5 Bc8 33. Qe4 Bxd6 34. Nxc6+
Qxc6 35. Qxc6 Be5 36. Qb6+ Rc7 37. Rxe2 Bd4+ 38. Kf1 Bh3+ 39. Ke1 Kc8 40. Qxa6+
Kb8 41. Qxb5+ 1-0

[Event "Interclubs Adultes"]
[Site "Evry"]
[Date "2008.06.01"]
[Round "11.6"]
[White "Le Roy, Brice"]
[Black "Wagner, Claude"]
[Result "1/2-1/2"]
[WhiteElo "2301"]
[BlackElo "2358"]
[PlyCount "163"]
[EventDate "1.??.??"]
[WhiteTeam "Bois-Colombes"]
[BlackTeam "Bischwiller"]

1. e4 c5 2. Nf3 Nc6 3. d4 cxd4 4. Nxd4 Nf6 5. Nc3 e5 6. Ndb5 d6 7. Nd5 Nxd5 8.
exd5 Nb8 9. c4 Be7 10. Be2 a6 11. Nc3 O-O 12. O-O f5 13. f4 Nd7 14. Kh1 Bf6 15.
Qc2 exf4 16. Bxf4 Be5 17. Qd2 Qf6 18. Rae1 b6 19. Bd1 Bxf4 20. Qxf4 Ne5 21. Qd4
Rb8 22. Ne4 fxe4 23. Rxf6 Rxf6 24. Qxe4 Bf5 25. Qd4 Nd3 26. Rf1 Re8 27. h3 Nc5
28. Bg4 Re4 29. Qd1 Bxg4 30. hxg4 Rxc4 31. Rxf6 gxf6 32. Qf1 b5 33. Qxf6 Ne4
34. Qe6+ Kg7 35. Kh2 Rd4 36. g5 Nxg5 37. Qxd6 Nf7 38. Qc5 Rd3 39. a4 bxa4 40.
Qc4 Rb3 41. Qxa4 Rb6 42. Qd4+ Rf6 43. g4 h6 44. Kg3 Kg6 45. Qe4+ Kg7 46. Qe8
Nd6 47. Qa8 Nf7 48. Kg2 Ne5 49. Qe8 Nf7 50. Qe7 Rd6 51. Qb7 Rf6 52. Kg3 Kg6 53.
Qb4 Kg7 54. Qc3 Kg6 55. Qa3 Kg7 56. Kg2 Kg8 57. Qc5 Kg7 58. Qc8 Ne5 59. Qc7+
Nf7 60. Qb8 Rd6 61. Qa8 Rf6 62. Kg1 Ne5 63. Qe8 Nf7 64. Qe7 Rd6 65. Qe4 Rf6 66.
Qe2 Ng5 67. Qd3 Nf3+ 68. Kh1 Ne5 69. Qe2 Nf7 70. Kg2 Ng5 71. Qe5 Nf7 72. Qc7
Rd6 73. Qc8 Rf6 74. Kh3 Ng5+ 75. Kh2 Nf7 76. Kg2 Ng5 77. Qc2 Nf7 78. Qa4 Ng5
79. Qd7+ Nf7 80. Qb7 Kg6 81. Kg1 Kg7 82. Qc8 1/2-1/2

[Event "Interclubs Adultes"]
[Site "Evry"]
[Date "2008.06.01"]
[Round "11.7"]
[White "Mensch, Etienne"]
[Black "Shoker, Samy"]
[Result "1/2-1/2"]
[WhiteElo "2324"]
[BlackElo "2377"]
[PlyCount "91"]
[EventDate "1.??.??"]
[WhiteTeam "Bischwiller"]
[BlackTeam "Bois-Colombes"]

1. d4 g6 2. Nf3 Bg7 3. c3 d6 4. Bg5 Nd7 5. e4 f6 6. Bc1 e5 7. Be2 Qe7 8. O-O
Nh6 9. Re1 Nf7 10. Nbd2 O-O 11. Nf1 Re8 12. Ne3 c6 13. b3 Nf8 14. Bf1 Qc7 15.
Qc2 Be6 16. dxe5 dxe5 17. Bc4 b5 18. Bxe6 Nxe6 19. a4 a6 20. g3 Rad8 21. axb5
axb5 22. h4 Bf8 23. Ng4 Kg7 24. Be3 Bc5 25. b4 Be7 26. Ra7 Qc8 27. Qc1 Nf4 28.
Bxf4 Qxg4 29. Nh2 Qe6 30. Be3 Rd7 31. Rxd7 Qxd7 32. Rd1 Qe6 33. Qd2 Rd8 34. Qe2
Rxd1+ 35. Qxd1 Nd6 36. f3 Nc4 37. Bf2 Nb2 38. Qd2 Nc4 39. Qd1 f5 40. exf5 gxf5
41. Nf1 Qf7 42. Ne3 Nd6 43. Ng2 Nc4 44. Ne3 Nd6 45. Ng2 Nc4 46. Ne3 1/2-1/2

[Event "Interclubs Adultes"]
[Site "Evry"]
[Date "2008.06.01"]
[Round "11.8"]
[White "Guichard, Pauline"]
[Black "Lallemand, Roza"]
[Result "1-0"]
[WhiteElo "2274"]
[BlackElo "2259"]
[PlyCount "101"]
[EventDate "1.??.??"]
[WhiteTeam "Bois-Colombes"]
[BlackTeam "Bischwiller"]

1. d4 Nf6 2. c4 c5 3. d5 e5 4. Nc3 d6 5. e4 Be7 6. g3 O-O 7. Bg2 a6 8. a4 Nbd7
9. Nge2 Ne8 10. O-O g6 11. Bh6 Ng7 12. Nc1 f5 13. Nd3 Nf6 14. f3 fxe4 15. Nxe4
Nxe4 16. fxe4 Rxf1+ 17. Qxf1 Bg5 18. Bxg5 Qxg5 19. Qf2 Bd7 20. Rf1 Qe7 21. b4
cxb4 22. Qb6 Bg4 23. Rf2 Rf8 24. Rxf8+ Kxf8 25. Qxb4 Ne8 26. c5 dxc5 27. Qxc5
Qxc5+ 28. Nxc5 Nd6 29. a5 Ke7 30. Kf2 Bc8 31. Bf1 Nf7 32. Ke3 Kd6 33. Nb3 Bd7
34. Kd2 Ng5 35. Bg2 Ba4 36. Nc1 Bb5 37. Kc3 Bd7 38. h4 Nf7 39. Bf1 g5 40. Nb3
gxh4 41. gxh4 h6 42. Kb4 Bg4 43. Nd2 Kc7 44. Kc5 Nd6 45. Bd3 Bh5 46. Nc4 Nxc4
47. Bxc4 Kd7 48. d6 Bg6 49. Bd5 Kc8 50. Be6+ Kd8 51. Kd5 1-0